000 00589cam a2200229ua 4500
005 20231114123816.0
008 110702n ii |||gr||||Z||||||eng
020 _a81-219-1791-3
040 _cMAIN
_aIN-DiNC
041 _deng
082 _a338.5
_bAHU
100 _aAhuja, H L.,
_eauthor
245 _aBusiness economics/
_cBy H L Ahuja.
250 _a6th.
260 _aNew Delhi.:
_bS chand.,
_c2006.
300 _axv, 6635p.:
_c30 cm.
650 _aConsumer behaviour
650 _aProduction and cost
653 _aEconomics.
653 _aBusiness economics.
942 _cBK
_2ddc
999 _c1215
_d1215